Robin Hood's Merry Men - Sudden Death - Statistics

General Stats
  • This quiz has been taken 47 times
    36 since last reset
  • The average score is 4 of 14
Answers on the Grid
Answers color-coded by a green-red scale on the quiz's grid according to % correct below.
Will Scathelock
Maid Marian
Clorinda the Queen of the Shepherdesses
Lil' Jon
Achoo
Friar Tuck
Guy of Gisbourne
Henry of Navarre
Richard III
The Black Pirate
Sir Prescott
Much
Liam Tawny
Will Scarlett
Arthur a Bland
Reynold Greenleaf
Yorick
Godot
Viola
Alan a Dale
Greer Garcon
Lucille LeSueur
Will Stutely
Brython
Beorn
Little John
Gilbert Whitehand
Azeem
 
Answer Stats
Answer % Correct
Merry clergyman Friar Tuck
69%
Merry man Will Scarlett
62%
Merry man Alan a Dale
54%
Merry man Little John
54%
Love interest of Robin, usually an eventual ally Maid Marian
54%
better known with the subtitle of "Much the Miller's Son" Much
46%
Sometimes an alternate spelling of Will Scarlet, sometimes his own (still Robin-aligned) character Will Scathelock
31%
Merry man, sometimes confused (or combined) with Will Scarlet Will Stutely
31%
Used as an alias by Little John, sometimes his own Merry Man character Reynold Greenleaf
15%
From Robin Hood: Men in Tights Achoo
8%
From the 17th century "Robin Hood and the Tanner". Sometimes Little John's cousin Arthur a Bland
8%
From Robin Hood: Prince of Thieves Azeem
8%
A love interest of Robin, nowadays usually used as a pseudonym for Maid Marian Clorinda the Queen of the Shepherdesses
8%
Merry man, reportedly an archer who's skill rivaled Robin's Gilbert Whitehand
0%
No matching quizzes found
Score Distribution
Percent of People with Each Score
Percentile by Number Answered
Your Score History
You have not taken this quiz since the last reset